000 01236nam a22002897a 4500
001 4876
003 FISKH
005 20241022134711.0
008 241022b cb ||||| |||| 00| 0 eng d
020 _a9780545536318
040 _aFISKH
_beng
_cFISKH
_dFISKH
050 _aHG221.F87
082 _a332.4
100 _aFurgang, Kathy
245 _aEverything Money :
_bA wealth of facts, photos, and fun! /
_cby Kathy Furgang with National Geogarphic explorer Fred Hiebert
260 _aNew York :
_bScholastic ;
_c2013 .
300 _a64 pages :
_bcolor illustrations ;
_c25 cm .
490 _a National Geographic Kids Everything
505 _aZ
520 _aAll you need to know about money can be found in the pages of this colorful, energetic, and accessible book. Kids will also learn about money around the world from a National Geographic expert, featured in "Explorer's Corners" throughout the book. Packed with fun facts and amazing photographs, this book gives kids an in-depth look at this facinating and important topic.
521 8 _a980
_bLexile
521 8 _aZ
_bRaz-Plus
650 _amath
_vnon-fiction
700 _aHiebert, Fredrik T.
_eContributor
942 _2ddc
_cBK
_n0
999 _c4876
_d4876